| 000 | 00592cam a22002051 4500 | ||
|---|---|---|---|
| 001 | sa 65001688 | ||
| 003 | DLC | ||
| 005 | 20260227112110.0 | ||
| 008 | 891206q19601969io 000 1 ind | ||
| 010 | _asa 65001688 | ||
| 025 | _aPL480:Indo-1307 | ||
| 035 | _a(OCoLC)20736700 | ||
| 040 |
_aDLC _cOCoLC _dWU _dDLC |
||
| 042 | _apremarc | ||
| 050 | 0 | 0 |
_aPL5089.S83 _bP4 |
| 100 | 0 | _aSutojo M. D. | |
| 245 | 1 | 0 |
_aPendekar sakti mentjari kuda semberani Ratu Nusa Tembini, kisah silat zaman Bahari / _coleh Sutojo M.D. |
| 260 |
_aTasikmalaja : _bSwandaja, _c[196-?] |
||
| 300 |
_a58 p. ; _c15 cm. |
||
| 999 |
_c62165 _d62165 |
||